Illustrated encyclopedia of science and nature : (Record no. 10303)

MARC details
000 -LEADER
fixed length control field 00602nam a22001937a 4500
003 - CONTROL NUMBER IDENTIFIER
control field OSt
005 - DATE AND TIME OF LATEST TRANSACTION
control field 20260508003613.0
008 - FIXED-LENGTH DATA ELEMENTS--GENERAL INFORMATION
fixed length control field 260507b |||||||| |||| 00| 0 eng d
020 ## - INTERNATIONAL STANDARD BOOK NUMBER
International Standard Book Number 0-7835-2966-x
040 ## - CATALOGING SOURCE
Original cataloging agency DWCL-Main
Transcribing agency OC
082 ## - DEWEY DECIMAL CLASSIFICATION NUMBER
Classification number GR. 503 I29 2005
110 ## - MAIN ENTRY--CORPORATE NAME
Corporate name or jurisdiction name as entry element EDUCATIIONAL TECHNOLOGIES LIMITED
Relator term Corporate Author
245 ## - TITLE STATEMENT
Title Illustrated encyclopedia of science and nature :
Remainder of title series index /
260 ## - PUBLICATION, DISTRIBUTION, ETC.
Place of publication, distribution, etc. [S. l.] :
Name of publisher, distributor, etc. Educational Technologies Limited,
Date of publication, distribution, etc. c2004
300 ## - PHYSICAL DESCRIPTION
Extent 143 p. ;
Dimensions 30 cm. +
Accompanying material 1 CD ROM.
650 ## - SUBJECT ADDED ENTRY--TOPICAL TERM
Topical term or geographic name entry element Bibliography
650 ## - SUBJECT ADDED ENTRY--TOPICAL TERM
Topical term or geographic name entry element Indexes
942 ## - ADDED ENTRY ELEMENTS (KOHA)
Source of classification or shelving scheme Dewey Decimal Classification
Koha item type General Reference
Call number suffix GR.
Suppress in OPAC No
952 ## - LOCATION AND ITEM INFORMATION (KOHA)
--
Holdings
Withdrawn status Lost status Source of classification or shelving scheme Damaged status Not for loan Home library Current library Shelving location Date acquired Source of acquisition Total Checkouts Full call number Barcode Date last seen Copy number Price effective from Koha item type Uniform Resource Identifier
    Dewey Decimal Classification     Junior High School Library Junior High School Library General Reference 06/09/2009 School Fund   GR. 503 I29 2005 JHS - 15240 05/07/2026 c1 05/07/2026 GR